Datum a čas kvízu
21.5
Celkem bodů
Celkový počet nahraných bodů na tomto kvízu bez doplňovacích otázek.
12.
Pořadí na kvízu
Konečné umístění týmu na tomto kvízu.
Zaznamenané odpovědi
| # | Otázka | Odpověď | Body | Výsledky |
|---|---|---|---|---|
| 1. | Který hudebník narozený v roce... | Vladimír Mišík | 0 | |
| 2. | Jeden bývalý evropský premiér... | Boris Johnson | 0 | |
| 3. | Doplňte slovo do názvu časosbě... | Havel | 0 | |
| 4. | Kopřivnická Tatra představila... | vodík | 0 | |
| 5. | Které dvě země se utkaly v sob... | Jihoafrická republika, Nový Zéland | 0.5 | |
| 6. | Naše téma nezačneme v kurníku,... | Fabergého vejce | 0 | |
| 7. | Barvíte velikonoční vajíčka? T... | 1D 2A 3B 4C | 1 | |
| 8. | Která z vajec na obrázku snesl... | B | 0 | |
| 9. | Napište název americké romanti... | 50x a stále poprvé | 0 | |
| 10. | Vyberte nepravdivé tvrzení. | C | 1 |